<?xml version="1.0" encoding="UTF-8"?>
<record
    xmlns:xsi="http://www.w3.org/2001/XMLSchema-instance"
    xsi:schemaLocation="http://www.loc.gov/MARC21/slim http://www.loc.gov/standards/marcxml/schema/MARC21slim.xsd"
    xmlns="http://www.loc.gov/MARC21/slim">

  <leader>05214nam a2200385 a 4500</leader>
  <controlfield tag="003">CHAP</controlfield>
  <controlfield tag="005">20250422112023.0</controlfield>
  <controlfield tag="007">ta</controlfield>
  <controlfield tag="008">250131s2024    mx ad||fom||| 001 0 spa d</controlfield>
  <datafield tag="040" ind1=" " ind2=" ">
    <subfield code="e">rda</subfield>
  </datafield>
  <datafield tag="041" ind1=" " ind2=" ">
    <subfield code="a">spa</subfield>
    <subfield code="b">eng</subfield>
  </datafield>
  <datafield tag="100" ind1="1" ind2=" ">
    <subfield code="a">Meza Licona, Mar&#xED;a Vianey</subfield>
    <subfield code="9">190029</subfield>
  </datafield>
  <datafield tag="240" ind1="1" ind2="0">
    <subfield code="a">Peptidomic characterization of the cheese chapingo overripened.</subfield>
    <subfield code="l">Espa&#xF1;ol</subfield>
  </datafield>
  <datafield tag="245" ind1="1" ind2="0">
    <subfield code="a">Caracterizaci&#xF3;n peptid&#xF3;mica del queso Chapingo sobremadurado /</subfield>
    <subfield code="c">Mar&#xED;a Vianey Meza Licona</subfield>
  </datafield>
  <datafield tag="264" ind1=" " ind2=" ">
    <subfield code="a">Chapingo, M&#xE9;xico :</subfield>
    <subfield code="b">El autor,</subfield>
    <subfield code="c">2024</subfield>
  </datafield>
  <datafield tag="300" ind1=" " ind2=" ">
    <subfield code="a">1 recurso en l&#xED;nea (xi, 50 p&#xE1;ginas) :</subfield>
    <subfield code="b">ilustraciones, tablas, diagramas, fotograf&#xED;as </subfield>
  </datafield>
  <datafield tag="336" ind1=" " ind2=" ">
    <subfield code="2">rdacontent</subfield>
    <subfield code="a">texto</subfield>
    <subfield code="b">txt</subfield>
  </datafield>
  <datafield tag="337" ind1=" " ind2=" ">
    <subfield code="2">rdamedia</subfield>
    <subfield code="a">computadora</subfield>
    <subfield code="b">c</subfield>
  </datafield>
  <datafield tag="338" ind1=" " ind2=" ">
    <subfield code="2">rdacarrier</subfield>
    <subfield code="a">recurso en l&#xED;nea</subfield>
    <subfield code="b">cr</subfield>
  </datafield>
  <datafield tag="502" ind1=" " ind2=" ">
    <subfield code="a">Tesis</subfield>
    <subfield code="b">IA</subfield>
    <subfield code="c">Agroindustrias</subfield>
    <subfield code="d">2024</subfield>
    <subfield code="g">LIC</subfield>
  </datafield>
  <datafield tag="504" ind1=" " ind2=" ">
    <subfield code="a">Bibliograf&#xED;a : p&#xE1;ginas 39-46</subfield>
  </datafield>
  <datafield tag="520" ind1="3" ind2=" ">
    <subfield code="a">El queso Chapingo es un queso genuino tradicional mexicano de maduraci&#xF3;n media, cuya elaboraci&#xF3;n data de 1978. Durante la elaboraci&#xF3;n y maduraci&#xF3;n de los quesos se llevan a cabo una serie de fen&#xF3;menos bioqu&#xED;micos responsables de la generaci&#xF3;n de textura, sabor y olor caracter&#xED;stico de cada variedad. El objetivo de esta investigaci&#xF3;n fue determinar el perfil pept&#xED;dico del queso Chapingo sobremaduro (120, 124, 128 ,140 semanas de maduraci&#xF3;n) y en quesos j&#xF3;venes (12 y 20 semanas de maduraci&#xF3;n), as&#xED; como determinar los cambios en las caracter&#xED;sticas sensoriales y texturales. El perfil pept&#xED;dico cambi&#xF3; con el tiempo de maduraci&#xF3;n, en los quesos con maduraci&#xF3;n prolongada (140 semanas de maduraci&#xF3;n) se identific&#xF3; abundancia de amino&#xE1;cidos como Phe, Tyr y Lys asociados con la generaci&#xF3;n de sabor amargo, caso contrario los quesos con menor tiempo de maduraci&#xF3;n presentaron amino&#xE1;cidos relacionados con el sabor agrio, dulce y umami (His, Gln y Asn, respectivamente). Adicionalmente, se identificaron cinco p&#xE9;ptidos relacionados con el amargor en queso (Phe-Pro, Leu-Ala, Ile-Pro, Val-Leu, Pro-Pro Phe) y diez p&#xE9;ptidos relacionados con alguna bioactividad como inhibici&#xF3;n de la ECA, inhibici&#xF3;n de la DPP IV o captaci&#xF3;n de glucosa. Los quesos con doce semanas de  maduraci&#xF3;n se caracterizaron por el color amarillo y la dureza, caso contrario los quesos con 140 semanas de maduraci&#xF3;n se relacionaron con los atributos blando, amargo y sabor residual fuerte en boca. Los par&#xE1;metros texturales de dureza y adhesividad disminuyeron con el tiempo de maduraci&#xF3;n. El queso Chapingo present&#xF3; cambios texturales y del perfil pept&#xED;dico como consecuencia de los procesos bioqu&#xED;micos que se llevan a cabo durante la elaboraci&#xF3;n y maduraci&#xF3;n del queso que a su vez est&#xE1;n influenciados por la composici&#xF3;n de la leche, proceso de elaboraci&#xF3;n y condiciones de maduraci&#xF3;n.</subfield>
  </datafield>
  <datafield tag="520" ind1="3" ind2=" ">
    <subfield code="a">Chapingo cheese is a genuine traditional Mexican soft-ripened cheese, whose production dates from 1978. During the elaboration and maturation of the cheeses a series of biochemical phenomena are carried out which are responsible for the generation of characteristic texture, flavor and smell of each variety. The aim of this research was to determine the peptide profile of the Chapingo overripened cheese (120, 124, 128 ,140 weeks of maturation) and in soft-ripened cheeses (12 and 20 weeks of maturation), as well as to determine changes in sensory and textural characteristics. The peptide profile changed according to the maturation time, in cheeses with prolonged maturation (140 weeks of maturation) abundance of amino acids such as Phe, Tyr and Lys associated with the generation of bitter taste was identified, on the other hand, cheeses with shorter maturation time had amino acids related to sour, sweet and umami taste (His, Gln and Asn, respectively). Additionally, five bitternessrelated peptides were identified in cheese (Phe-Pro, Leu-Ala, Ile-Pro, Val-Leu, Pro-Pro- Phe) and ten peptides related to some bioactivity such as ACE inhibition, DPP IV inhibition or glucose uptake. Cheeses with twelve weeks of maturation were characterized for having yellow color and hardness, otherwise cheeses with 140 weeks of maturation were related to soft, bitter attributes and strong residual taste in the mouth. Textural hardness and adhesiveness parameters decreased with maturation time. Chapingo cheese presented textural and peptide profile changes as a result of the biochemical processes that are carried out during the elaboration and maturation of the cheese which in turn are influenced by the composition of the milk, processing and maturation conditions.</subfield>
  </datafield>
  <datafield tag="650" ind1="1" ind2="3">
    <subfield code="a">Quesos</subfield>
    <subfield code="2">atg</subfield>
    <subfield code="9">142512</subfield>
  </datafield>
  <datafield tag="650" ind1="1" ind2="3">
    <subfield code="a">Quesos</subfield>
    <subfield code="2">atg</subfield>
    <subfield code="9">142512</subfield>
    <subfield code="x">Propiedades sensoriales</subfield>
  </datafield>
  <datafield tag="650" ind1="1" ind2="3">
    <subfield code="a">Quesos</subfield>
    <subfield code="2">atg</subfield>
    <subfield code="9">142512</subfield>
    <subfield code="x">Maduraci&#xF3;n del queso</subfield>
  </datafield>
  <datafield tag="650" ind1="1" ind2="3">
    <subfield code="a">Cheeses  </subfield>
    <subfield code="2">atg</subfield>
    <subfield code="9">148387</subfield>
  </datafield>
  <datafield tag="650" ind1="1" ind2="3">
    <subfield code="a">Cheeses  </subfield>
    <subfield code="2">atg</subfield>
    <subfield code="9">148387</subfield>
    <subfield code="x">Sensory properties</subfield>
  </datafield>
  <datafield tag="650" ind1="1" ind2="3">
    <subfield code="a">Cheeses  </subfield>
    <subfield code="2">atg</subfield>
    <subfield code="9">148387</subfield>
    <subfield code="x">Cheese ripening</subfield>
  </datafield>
  <datafield tag="700" ind1="1" ind2=" ">
    <subfield code="a">Sandoval Castilla, Ofelia</subfield>
    <subfield code="9">151810</subfield>
    <subfield code="e">directora</subfield>
  </datafield>
  <datafield tag="700" ind1="1" ind2=" ">
    <subfield code="a">Torres Salas, Verenice</subfield>
    <subfield code="9">114233</subfield>
    <subfield code="e">asesora</subfield>
  </datafield>
  <datafield tag="700" ind1="1" ind2=" ">
    <subfield code="a">Pascacio Sebollon, Isabel Margarita</subfield>
    <subfield code="9">135938</subfield>
    <subfield code="e">asesora</subfield>
  </datafield>
  <datafield tag="856" ind1=" " ind2=" ">
    <subfield code="y">DESCARGAR PDF</subfield>
    <subfield code="u">http://10.13.5.2/tesis/tl/1511663-6_MEZA_LICONA_MARIAVIANEY.pdf</subfield>
  </datafield>
  <datafield tag="942" ind1=" " ind2=" ">
    <subfield code="2">Clasificaci&#xF3;n Universidad Aut&#xF3;noma Chapingo</subfield>
    <subfield code="c">TD</subfield>
  </datafield>
  <datafield tag="999" ind1=" " ind2=" ">
    <subfield code="c">220421</subfield>
    <subfield code="d">220421</subfield>
  </datafield>
  <datafield tag="952" ind1=" " ind2=" ">
    <subfield code="0">0</subfield>
    <subfield code="1">0</subfield>
    <subfield code="2">local</subfield>
    <subfield code="4">0</subfield>
    <subfield code="7">0</subfield>
    <subfield code="8">TesDigL</subfield>
    <subfield code="a">IA_</subfield>
    <subfield code="b">IA_</subfield>
    <subfield code="c">E_L</subfield>
    <subfield code="d">2025-01-31</subfield>
    <subfield code="e">El autor</subfield>
    <subfield code="l">0</subfield>
    <subfield code="p">1201015235</subfield>
    <subfield code="r">2025-01-31 13:53:13</subfield>
    <subfield code="w">2025-01-31</subfield>
    <subfield code="y">TD</subfield>
  </datafield>
  <datafield tag="952" ind1=" " ind2=" ">
    <subfield code="0">0</subfield>
    <subfield code="1">0</subfield>
    <subfield code="2">local</subfield>
    <subfield code="4">0</subfield>
    <subfield code="5">1</subfield>
    <subfield code="7">0</subfield>
    <subfield code="8">TesDigL</subfield>
    <subfield code="a">BD</subfield>
    <subfield code="b">BD</subfield>
    <subfield code="c">E_L</subfield>
    <subfield code="d">2025-01-31</subfield>
    <subfield code="l">0</subfield>
    <subfield code="o">Tesis digital</subfield>
    <subfield code="r">2025-02-20 13:40:01</subfield>
    <subfield code="w">2025-02-20</subfield>
    <subfield code="y">TD</subfield>
  </datafield>
</record>
